Countries with travel warnings for the U.S. - Statistics

General Stats
  • This quiz has been taken 20 times
  • The average score is 7 of 11
Answer Stats
Country % Correct
United Kingdom
88%
Australia
81%
Russia
81%
China
75%
Germany
75%
Belgium
69%
Ireland
69%
New Zealand
63%
United Arab Emirates
63%
Bahrain
50%
Bahamas
31%
No matching quizzes found
Score Distribution
Percent of People with Each Score
Percentile by Number Answered
Your Score History
You have not taken this quiz